000 00359nam a2200121Ia 4500
005 20260326100034.0
008 260326s9999||||xx |||||||||||||| ||und||
100 _aBang, Jan Martin
245 0 _aEcovillAges :
_b A practical Guide to sustainable communities /
_cJan Martin Bang
260 _bNew Society Publishers
650 _aARQUITECTURA Y CLIMA
942 _cBK
999 _c6719
_d6719